000 00256nam a22001217a 4500
008 180302b xxu||||| |||| 00| 0 eng d
041 _aeng
080 _a94
100 _a16
101 _aHIS
245 _aAMERICAN HISTORY
_cMICHAEL.A
942 _2udc
_cBK
999 _c44021
_d44021